000 00959nam a22002777a 4500
001 6612
003 FISKH
005 20250513114334.0
008 250513b cb ||||| |||| 00| 0 eng d
020 _a9781575054179
040 _aFISKH
_beng
_cFISKH
_dFISKH
050 _aPE1201 .C58
082 _a428.2
100 _aCleary, Brian P.
245 _aA mink, a fink, a skating rink :
_bWhat is a noun?
_cBy Brian P. Cleary ; Illustrated by Jenya Prosmitsky
260 _aMinneapolis :
_bMillbrook Press,
_c1999.
300 _a32 unnumbered pages :
_bcolor illustrations ;
_c23 cm
505 _aN
520 _aRhyming text and illustrations of comical cats present numerous examples of nouns, from "gown" and "crown" to "boat", "coat", and "clown."
521 8 _a540
_bLexile
521 8 _aN
_bRaz-Plus
650 _aConventions English
_vGrammar
700 _aProsmitsky, Jenya
_eillustrator
942 _2ddc
_cBK
_n0
999 _c6612
_d6612